Lebenserinnerungen

Titel: Lebenserinnerungen = Memoirs = Pamie̜tnik / Bar Loebel Monasch. Critical ed. of the original German version by Rafał Witkowski. With English transl. by Peter Fraenkel and Polish transl. by Rafał Witkowski
Verfasser:
Beteiligt:
Veröffentlicht: Poznań : Towarzystwo Miłośników i Badaczy Ziemi Krotoszyńskiej, 2004
Umfang: 362 Seiten : Illustrationen
Format: Buch
Sprache: Polnisch
RVK-Notation:
Schlagworte:
ISBN: 8392075919
Buchumschlag
X
Lokale Klassifikation: 34 3 F ; 34 5 Fa ; 26 5 Fa ; 34 7 J
alg: 12505969
001A    $00030:30-11-04 
001B    $01999:15-01-25 $t08:41:23.000 
001D    $03004:09-01-06 
001U    $0utf8 
001X    $00 
002@    $0Aau 
002C    $aText $btxt $2rdacontent 
002D    $aohne Hilfsmittel zu benutzen $bn $2rdamedia 
002E    $aBand $bnc $2rdacarrier 
003@    $0125059698 
003O    $0615474529 $aOCoLC 
004A    $083-920759-1-9 
007A    $0125059698 $aHEB 
007G    $0DE020A01F8AAF1E736219C1257C190047C9A4 
007T    $0Herdhh125059698 
009P    $qapplication/pdf $A2 $3Inhaltsverzeichnis $uhttp://scans.hebis.de/HEBCGI/show.pl?12505969_toc.pdf $mV:DE-603;B:DE-Mb50 
010@    $apol 
011@    $a2004 
013D    $RAutobiografische Literatur $RBiografie $RErlebnisbericht $RQuelle $RTagebuch $#Autobiography $#Autobiographie $#Autobiographies $#Autobiographies $#Autobiographie $#Autobiographisches Erzählen $#Autobiografisches Erzählen $#Erinnerungen Formschlagwort $#Lebenserinnerungen $#Memoiren $#Selbstbiographie $#Selbstbiografie $#Autobiographik $#Autobiografik $74003939-0 $8Autobiografie [Ts1] $9085002275 
021A    $aLebenserinnerungen $fMemoirs $fPamie̜tnik $hBar Loebel Monasch. Critical ed. of the original German version by Rafał Witkowski. With English transl. by Peter Fraenkel and Polish transl. by Rafał Witkowski 
027A    $aMemoirs 
027A    $aPamiętnik 
028A    $BVerfasser $#מאנאש, דוב בער $#Monasch, B. L. $#Monash, Dov Ber Beril $#Monaš, Dov Ber Beril $#Monaš, Dob Ber Beril $#Monash, Dov Ber $#Monaš, Dov Ber $#מאנאש, דוב בער בריל $#מאנאש, ד. ב. $4aut $7129922501 $8Monasch, Bar Loebel$Z1801-1879 [Tp1] $9127876340 
028C    $BHerausgeber $#Witkowski, Raphał $#Witkowski, Raphael $4edt $71028564759 $8Witkowski, Rafał$Z1967- [Tp3] $9313782768 
033A    $pPoznań $nTowarzystwo Miłośników i Badaczy Ziemi Krotoszyńskiej 
034D    $a362 Seiten 
034M    $aIllustrationen 
037A    $aLiteraturverzeichnis Seite 283 - 302 
039U    $aRezensiert in $8--Aox--Marciniak, Ryszard. Monasch, Bar Loebel, 1801-1879. Lebenserinnerungen. - Poznań : Towarzystwo Miłośników i Badaczy Ziemi Krotoszyńskiej. -  2004 [Rezension], 2004 $9395138779 
044K    $#מאנאש, דוב בער $#Monasch, B. L. $#Monash, Dov Ber Beril $#Monaš, Dov Ber Beril $#Monaš, Dob Ber Beril $#Monash, Dov Ber $#Monaš, Dov Ber $#מאנאש, דוב בער בריל $#מאנאש, ד. ב. $7129922501 $8Monasch, Bar Loebel$Z1801-1879 [Tp1] $9127876340 
045F    $a909.049240943849 $eDDC23BSB 
045F/01 $a909.04924 
045F/03 $g43849 
045G    $a900.94384909034 $eDDC23BSB 
045G/01 $a900 
045G/03 $f09034 
045G/03 $f09041 
045G/03 $f09033 
045G/03 $g43849 
045G/03 $g438 
045Z    $8BD 1190 [Tkv] $9407407596 
045Z    $8NY 4770 [Tkv] $9410953466 
046L    $aText deutsch, englisch und polnisch 

lok: 12505969 3
101B    $005-04-05 $t15:21:38.000 
101C    $018-02-05 
144Z/20 $aj05apr 
145S/01 $a036 
145S/06 $a770 
145Z/01 $a900 Fcc 0063 
145Z/02 $a900 T 246 Da 0030 
101U    $0utf8 

exp: 12505969 3 1 #EPN
201B/01 $018-02-05 $t14:51:38.000 
201C/01 $030-11-04 
203@/01 $0222505176 
208@/01 $a18-02-05 $bzAa 
209A/01 $a87.847.15 $du $f000 $h87 847 15 $x00 
209G/01 $a87847152 $x00 
247C/01 $8601000-3 <30>Frankfurt, Universitätsbibliothek J. C. Senckenberg, Zentralbibliothek (ZB) $9102598258 
201U/01 $0utf8 

lok: 12505969 24
101B    $011-01-06 $t09:32:19.000 
101C    $011-01-06 
145Z/01 $a34 3 F 
145Z/02 $a34 5 Fa 
145Z/03 $a26 5 Fa 
145Z/04 $a34 7 J 
101U    $0utf8 

exp: 12505969 24 1 #EPN
201B/01 $011-01-06 $t09:32:19.000 
201C/01 $021-07-05 
203@/01 $0271562552 
208@/01 $a11-01-06 $bz 
209A/01 $a06.0131 $du $f050 $h06 0131 $x00 
209C/01 $a06.0131 K $h06 0131 K 
209G/01 $a71277313 $x00 
220C/01 $awar/gro 
247C/01 $8358050-7 Marburg, Bibliothek des Herder-Instituts Marburg $9102600961 
201U/01 $0utf8 

lok: 12505969 78

exp: 12505969 78 1 #EPN
201B/01 $019-04-17 $t19:35:13.000 
201U/01 $0utf8 
203@/01 $0794488870 
208@/01 $a12-11-16 $be 
209A/01 $a/ $f000 $x00 
220C/01 $aHerkunft: PBB/IH PAN 
237A/01 $aWspomnienia Żyda (1801-1879) z Krotoszyna . - weiterführende Signatur(en): Herder-Institut: 06.0131 
244Z/01 $2Trx $#Großpolen $#Greater Poland $#Velkopolsko $8--Trx--Wielkopolska $x01 $9391277227 
244Z/01 $2Trx $#Poola $#Lenkija $#Polija $#Polen Land $#Poland $#Lengyelország $#Poľsko $#Polsko $8--Trx--Polska$gkraj $x02 $9391345966 
244Z/01 $2Trx $#Krotoschin Posen $8--Trx--Krotoszyn$gPoznań $x03 $9391270729 
244Z/01 $2Trx $8--Trx--Monasch, Bar Loebel$Z1801-1879 $x04 $9390791903 
244Z/01 $2Trx $#mälestused $#atsiminimai $#Memoirs $#emlékezések $#wspomnienia $#spomienky $#vzpomínky $#memuaarid $#Memoiren $#pamiętniki $#pamäti $#paměti $8--Trx--Erinnerungen $x05 $9391357727 
244Z/01 $2Trx $8--Trx--Monographie $x06 $9391384546 
245Z/01 $a03.03.04 $x01 
247C/01 $82080>Marburg/Lahn, Herder-Institut, Forschungsbibliothek, Bibliographieportal $9336309341
LEADER 00000cam a2200000 c 4500
001 125059698
003 DE-603
005 20250115084123.0
007 tu
008 041130s2004 xx |||| | u00||u|pol c
020 |a 8392075919 
035 |a (DE-599)HEB125059698 
035 |a (OCoLC)615474529 
040 |a DE-603  |b ger  |c DE-603  |d DE-603 
041 |a pol 
082 0 4 |8 1\u  |a 909.049240943849  |q DE-101  |2 23/BSB 
083 0 |8 2\u  |a 900.94384909034  |q DE-101  |2 23/BSB 
084 |a BD 1190  |0 (DE-625)9817:  |0 (DE-603)407407596  |2 rvk 
084 |a NY 4770  |0 (DE-625)132359:  |0 (DE-603)410953466  |2 rvk 
085 |8 1\u  |b 909.04924 
085 |8 1\u  |z 2  |s 43849 
085 |8 2\u  |b 900 
085 |8 2\u  |z 1  |s 09034 
085 |8 2\u  |z 1  |s 09041 
085 |8 2\u  |z 1  |s 09033 
085 |8 2\u  |z 2  |s 43849 
085 |8 2\u  |z 2  |s 438 
100 1 |a Monasch, Bar Loebel  |d 1801-1879  |e Verfasser  |4 aut  |0 (DE-603)127876340  |0 (DE-588)129922501  |2 gnd 
245 0 0 |a Lebenserinnerungen  |b = Memoirs = Pamie̜tnik  |c Bar Loebel Monasch. Critical ed. of the original German version by Rafał Witkowski. With English transl. by Peter Fraenkel and Polish transl. by Rafał Witkowski 
246 1 3 |a Memoirs 
246 1 3 |a Pamiętnik 
264 1 |a Poznań  |b Towarzystwo Miłośników i Badaczy Ziemi Krotoszyńskiej  |c 2004 
300 |a 362 Seiten  |b Illustrationen 
336 |a Text  |b txt  |2 rdacontent 
337 |a ohne Hilfsmittel zu benutzen  |b n  |2 rdamedia 
338 |a Band  |b nc  |2 rdacarrier 
500 |a Literaturverzeichnis Seite 283 - 302 
546 |a Text deutsch, englisch und polnisch 
600 1 7 |a Monasch, Bar Loebel  |d 1801-1879  |0 (DE-588)129922501  |0 (DE-603)127876340  |2 gnd 
655 7 |a Autobiografie  |2 gnd-content  |0 (DE-588)4003939-0  |0 (DE-603)085002275 
700 1 |a Witkowski, Rafał  |d 1967-  |e Herausgeber  |4 edt  |0 (DE-603)313782768  |0 (DE-588)1028564759  |2 gnd 
787 0 8 |i Rezensiert in  |a Marciniak, Ryszard  |t Monasch, Bar Loebel, 1801-1879. Lebenserinnerungen. - Poznań : Towarzystwo Miłośników i Badaczy Ziemi Krotoszyńskiej. - 2004 [Rezension]  |w (DE-603)395138779 
856 4 2 |m V:DE-603;B:DE-Mb50  |q application/pdf  |u http://scans.hebis.de/HEBCGI/show.pl?12505969_toc.pdf  |3 Inhaltsverzeichnis 
924 0 |9 30  |a (DE-603)222505176  |b DE-30  |c HES  |d c  |g 87.847.15 
924 0 |9 Mb 50  |a (DE-603)271562552  |b DE-Mb50  |c HES  |d c  |g 06.0131 
924 0 |9 2080  |a (DE-603)794488870  |b DE-2080  |c HES  |d d  |g /